Top 100 Jogadores de Futebol Mais Caros do Mundo em 2023 - Statistics

Estatísticas Gerais
  • Esse quiz foi jogado 642 vezes
  • A pontuação média é 59 de 100
Estatísticas das Respostas
Nacionalidade Valor € Clube Jogador % Correto
Noruega 180.00 mi € Manchester City Haaland
99%
França 180.00 mi € PSG Mbappe
98%
Brasil 150.00 mi € Real Madrid Vinicius Junior
98%
Brasil 100.00 mi € Real Madrid Rodrygo
92%
Inglaterra 120.00 mi € Real Madrid Bellingham
90%
Uruguai 100.00 mi € Real Madrid Valverde
88%
Inglaterra 90.00 mi € Bayern de Munique Harry Kane
87%
Inglaterra 120.00 mi € Arsenal Saka
87%
Espanha 100.00 mi € Barcelona Pedri
86%
Espanha 90.00 mi € Barcelona Gavi
85%
Portugal 90.00 mi € AC Milan Rafael Leão
85%
Espanha 90.00 mi € Manchester City Rodri
84%
França 85.00 mi € Real Madrid Camavinga
83%
Brasil 75.00 mi € Arsenal Gabriel Jesus
82%
Noruega 90.00 mi € Arsenal Odegaard
82%
Inglaterra 110.00 mi € Manchester City Foden
80%
Argentina 85.00 mi € Inter de Milão Lautaro Martinez
80%
Brasil 60.00 mi € Al-Hilal Neymar
80%
Egito 65.00 mi € Liverpool Salah
80%
Brasil 80.00 mi € Arsenal Martinelli
79%
Alemanha 110.00 mi € Bayern de Munique Musiala
78%
Nigéria 120.00 mi € Napoli Osimhen
78%
Portugal 80.00 mi € Manchester City Bernardo Silva
76%
Brasil 70.00 mi € Newcastle Bruno Guimarães
76%
Marrocos 65.00 mi € PSG Hakimi
76%
Bélgica 70.00 mi € Manchester City De Bruyne
75%
Argentina 80.00 mi € Chelsea Enzo Fernandez
75%
França 85.00 mi € Real Madrid Tchouameni
75%
Brasil 65.00 mi € PSG Marquinhos
74%
Portugal 80.00 mi € Manchester City Ruben Dias
74%
Holanda 75.00 mi € Barcelona de Jong
73%
Brasil 70.00 mi € Real Madrid Eder Militão
73%
Colômbia 75.00 mi € Liverpool Luis Diaz
73%
Portugal 75.00 mi € Manchester United Bruno Fernandes
72%
Canadá 70.00 mi € Bayern de Munique Davies
72%
Coreia do Sul 50.00 mi € Tottenham Son
72%
Brasil 60.00 mi € Barcelona Raphinha
70%
França 60.00 mi € PSG Dembele
69%
Geórgia 85.00 mi € Napoli Kvaratskheila
69%
Alemanha 85.00 mi € Bayer Leverkusen Wirtz
69%
Uruguai 70.00 mi € Barcelona Araujo
68%
Inglaterra 90.00 mi € Arsenal Rice
68%
Brasil 60.00 mi € Manchester United Antony
67%
Brasil 45.00 mi € West Ham Lucas Paqueta
67%
Equador 75.00 mi € Chelsea Caicedo
65%
Croácia 75.00 mi € Manchester City Gvardiol
65%
Brasil 48.00 mi € Tottenham Richarlison
65%
Sérvia 70.00 mi € Juventus Vlahovic
64%
Suécia 70.00 mi € Newcastle Isak
63%
Brasil 55.00 mi € Arsenal Gabriel Magalhães
62%
Alemanha 75.00 mi € Bayern de Munique Kimmich
62%
Argentina 65.00 mi € Liverpool Mac Allister
62%
Holanda 75.00 mi € Bayern de Munique de Ligt
61%
Inglaterra 75.00 mi € Manchester City Grealish
60%
Argentina 60.00 mi € Manchester City Alvarez
56%
Portugal 50.00 mi € Barcelona João Cancelo
56%
Inglaterra 80.00 mi € Manchester United Rashford
56%
Uruguai 65.00 mi € Liverpool Nunez
55%
Argentina 50.00 mi € Mancester United Lisandro Martinez
54%
Portugal 65.00 mi € PSG Nuno Mendes
54%
Itália 75.00 mi € Inter de Milão Barella
53%
Coreia do Sul 60.00 mi € Bayern de Munique Kim Min-jae
53%
Alemanha 65.00 mi € Bayern de Munique Sane
52%
Inglaterra 65.00 mi € Liverpool Alexander-Arnold
51%
Canadá 60.00 mi € Lille David
50%
Alemanha 55.00 mi € Arsenal Havertz
50%
Portugal 50.00 mi € Barcelona João Felix
50%
França 65.00 mi € Arsenal Saliba
50%
Ucrânia 50.00 mi € Chelsea Mudryk
49%
Argentina 60.00 mi € Tottenham Romero
47%
França 60.00 mi € Barcelona Kounde
44%
Itália 50.00 mi € Newcastle Tonali
44%
Holanda 55.00 mi € Liverpool Gakpo
43%
França 65.00 mi € Bayern de Munique Coman
42%
Portugal 50.00 mi € Liverpool Diogo Jota
42%
Hungria 50.00 mi € Liverpool Szoboszlai
42%
França 60.00 mi € AC Milan Theo Hernandez
41%
Alemanha 55.00 mi € Bayern de Munique Gnabry
40%
Portugal 50.00 mi € PSG Gonçalo Ramos
40%
França 60.00 mi € Bayern de Munique Upamecano
40%
Sérvia 50.00 mi € Al-Hilal Milinkovic-Savic
38%
França 80.00 mi € Chelsea Nkunku
38%
Portugal 45.00 mi € Manchester City Matheus Nunes
37%
Dinamarca 45.00 mi € Manchester United Hojlund
36%
França 80.00 mi € PSG Kolo Muani
36%
Suécia 50.00 mi € Tottenham Kulusevski
35%
Uruguai 50.00 mi € PSG Ugarte
35%
Itália 60.00 mi € Inter de Milão Bastoni
34%
Portugal 45.00 mi € Benfica Antonio Silva
32%
Eslováquia 50.00 mi € PSG Skriniar
32%
Inglaterra 65.00 mi € Chelsea Reece James
29%
Espanha 50.00 mi € Barcelona Balde
27%
Inglaterra 55.00 mi € Chelsea Sterling
26%
Bélgica 45.00 mi € Everton Onana
25%
Inglaterra 60.00 mi € Tottenham Maddison
23%
Inglaterra 60.00 mi € Manchester United Mount
23%
França 50.00 mi € Aston Villa Diaby
22%
França 55.00 mi € Chelsea Fofana
21%
Inglaterra 55.00 mi € Arsenal White
21%
Espanha 50.00 mi € Real Sociedad Merino
18%
Nenhum quiz correspondente encontrado
Distribuição das Pontuações
Porcentagem de Pessoas com Cada Pontuação
Percentil de Números Respondidos
Sua Pontuação Histórica
Você não jogou esse quiz